000
00322nam a22001337a 4500
008
250414b |||||||| |||| 00| 0 eng d
020
_a
0399516859
050
_a
HD38
_b
.W35
100
_a
Deming Management at Work
245
_a
WALTON, Mary
260
_a
New York
_b
Putnam Publishing
_c
1990
300
_a
249p.
942
_c
BK
999
_c
2961
_d
2961